Разработка надёжного метода гранулирования мелкодисперсных материалов; Инновационные технологии и экономика в машиностроении

Detalles Bibliográficos
Parent link:Инновационные технологии и экономика в машиностроении.— 2008.— С. 384-386
Autor principal: Сечин А. И. Александр Иванович
Otros Autores: Лаптев Д. А.
Lenguaje:ruso
Publicado: 2008
Materias:
Formato: Capítulo de libro
KOHA link:https://koha.lib.tpu.ru/cgi-bin/koha/opac-detail.pl?biblionumber=161887

MARC

LEADER 00000naa2a2200000 4500
001 161887
005 20240214095847.0
035 |a (RuTPU)RU\TPU\book\175556 
090 |a 161887 
100 |a 20090615d2008 k y0rusy50 ca 
101 0 |a rus 
102 |a RU 
200 1 |a Разработка надёжного метода гранулирования мелкодисперсных материалов  |f А. И. Сечин, Д. А. Лаптев 
320 |a Библиогр.: 2 назв. 
463 0 |0 (RuTPU)RU\TPU\book\164827  |t Инновационные технологии и экономика в машиностроении  |o труды VI Всероссийской научно-практической конференции с международным участием, 15-16 мая 2008 года, Юрга  |f Томский политехнический университет (ТПУ), Юргинский технологический институт (ЮТИ)  |v С. 384-386  |d 2008  |p 479 с. 
610 1 |a гранулирование 
610 1 |a мелкодисперсные материалы 
610 1 |a лекарственные препараты 
610 1 |a производство 
610 1 |a однородность 
610 1 |a труды учёных ТПУ 
700 1 |a Сечин  |b А. И.  |c специалист в области экологии и безопасности жизнедеятельности  |c профессор Томского политехнического университета, доктор технических наук  |f 1950-  |g Александр Иванович  |3 (RuTPU)RU\TPU\pers\26051  |9 11890 
701 1 |a Лаптев  |b Д. А. 
801 1 |a RU  |b 63413507  |c 20090615  |g PSBO 
801 2 |a RU  |b 63413507  |c 20100517  |g RCR 
942 |c BK